00634 2200169 4500245004500000020001800045250001100063100001800074650002000092005001900112260004200131041001400173084001100187300002300198500023400221336000900455 aPiano di Kotak KacacAgnes JessicahText a9786020376189 aCet. 1 aAgnes Jessica aNovel Indonesia a20230926093423 aJakartabGramedia Pustaka Utamac2017 aIndonesia a808.83 a376 hlm. :c20 cm. aSebuah miniatur piano menjadi kenangan terakhir Sheila akan ibunya. Ibunya meninggal karena dibunuh ayahnya sendiri,kemudian sang ayah dipenjara.Tinggal Sheila sebatang kara,tanpa kasih sayang orangtua di usianya yang masih belia atext